000 00553nam a22002177a 4500
003 UA-OsUOA
001 62792
007 ta
008 20090911b un ||||| |||| 00| 0 ukr d
100 _aВітер Д.
090 _a908
_bВ55
942 _cSA
040 _aUA-OsUOA
_bukr
_cUA-OsUOA
_dUA-OsUOA
245 _aКартинна галерея - ще лдна гордість ректора Пасічника
300 _aС.3
955 _a0
041 _aukr
080 _a908
773 0 _w62791
650 7 _a908 Краєзнавство
_2UDC
999 _c348873
_d348873